Mary Poppins Trivia Quiz - Statistics

General Stats
  • This quiz has been taken 572 times
  • The average score is 8 of 15
Answer Stats
Hint Answer % Correct
What direction is the wind in according to Bert right before Mary arrives? The east
86%
What type of animal serves Mary and Bert in the chalk world? Penguin
81%
What are the kids' names in the movie? Jane and Michael Banks
76%
What does George fix for the children? Their kite
69%
What kind of birds do Mary and the kids feed? Pigeons
67%
What helps the medicine go down? A spoonful of sugar
63%
What animal is on the end of Mary's umbrella? A parrot
59%
What food are they feeding them? Breadcrumbs
50%
What year is the movie set in? 1910
46%
What sign means Mary has to leave? A change in the wind
42%
Bonus: Try your best! Spell the nonsense word that Mary taught the kids. Supercalifragilisticexpialidocious
41%
What is Mary's uncle's name? Albert
39%
What was the kids' first nanny's name? Katie Nana
32%
Where is the lady who wants them to feed the birds? (What monument) St. Paul's Cathedral
31%
What kind of catastrophe does Michael cause at the bank? A bank run
6%
No matching quizzes found
Score Distribution
Percent of People with Each Score
Percentile by Number Answered
Your Score History
You have not taken this quiz